[Event "World Prestigious University 2019"]
[Site "Tianjin"]
[Date "2019.11.27"]
[Round "5.10"]
[White "Weichao, Chu"]
[Black "Li, Ethan"]
[Result "1-0"]
[WhiteElo "2423"]
[BlackElo "2209"]
[Annotator "TA"]
[PlyCount "73"]
[EventDate "2019.11.26"]
[EventType "team-tourn"]
[EventCountry "CHN"]

{[%evp 14,73,23,24,34,41,46,16,12,-3,43,28,21,4,20,-7,28,21,129,120,120,152,308,308,300,300,304,294,302,295,295,287,755,612,750,750,1179,204,1173,1169,12820,5920,29980,989,910,907,895,848,735,640,12837,12838,12838,12839,29980,12839,29992,29992,29992,12839,29993,29994]} 1. d4 Nf6 2. c4 e6 3. Nf3 d5 4. g3 dxc4 5. Bg2 Bd7 6. Ne5 Bc6 7. Nxc6 Nxc6 8. e3 Nd5 $146 {E04: Open Catalan: 5 Nf3} (8... Bb4+ 9. Nd2 e5 10. O-O Bxd2 11. Bxd2 exd4 12. Rc1 O-O 13. Rxc4 Nd5 14. exd4 Qd7 15. Bg5 h6 16. Rc5 {½-½ (26) Wojtaszek,R (2722)-Vitiugov,N (2726) Prague 2019}) 9. O-O {[%mdl 1024] White has compensation.} Qd7 10. Qe2 O-O-O {The position is equal.} 11. Rd1 Nb6 12. b3 cxb3 13. axb3 Kb8 14. Bb2 h5 15. Nc3 {[%cal Bb1c3,Bc3d5,Bd5b6][%mdl 32]} f5 (15... f6 $11) 16. d5 $1 $16 {[%cal Rd5c6]} exd5 17. Nxd5 Qe6 $2 {[#]} (17... Bd6 $16) 18. Nxb6 $1 $18 Rxd1+ 19. Qxd1 cxb6 20. Bxc6 bxc6 21. Qd8+ Kb7 {[#]} 22. Be5 $1 {[%csl Ge5][%cal Rd8b8][%mdl 512]} a5 $2 (22... Bd6 23. Qxd6 (23. Qxh8 Bxe5 24. Rb1 Qf7 $16) 23... Qxd6 24. Bxd6 Rd8) (22... Qxe5 23. Qd7+) 23. Qb8+ Ka6 {intending ...Rg8.} 24. Bc7 {[%csl Gc7][%cal Rb8b6]} Qxb3 25. Qa8+ $40 {[%mdl 128] White wants a kill.} Kb5 {[#]} 26. Bxb6 $1 {[%mdl 512]} Bb4 (26... Kxb6 27. Qb8+) 27. Qb7 a4 28. Ba7+ (28. Rc1 $142 Bc3 29. Bd4+ {[%mdl 64] Discovered Attack} Kc4 30. Rxc3+ Qxc3 31. Qxc6+ {[%mdl 64] Double Attack} Kd3 32. Qxc3+ Ke4 33. Bxg7) 28... Kc4 29. Qxc6+ Kd3 30. Qb5+ Kd2 31. Rxa4 Qd1+ {[#]} 32. Kg2 $1 Bc3 33. Bd4 {Bxc3+ would kill now.} Rc8 34. Bxc3+ (34. Ra2+ $142 Bb2 35. Qxb2+ Qc2 36. Qb4+ Kd1 37. Rxc2 Kxc2 38. Bxg7 f4 39. exf4) 34... Kxc3 35. Qa5+ Kb2 36. Rb4+ (36. Ra2+ $142 Kb1 37. Ra1+ {[%mdl 64] Skewer} Kc2 38. Qa4+ Kc3 39. Rxd1 g6 40. Qd4+ Kb3 41. Rb1+ Kc2 42. Rb2+ Kc1 43. Qd2#) 36... Kc1 37. Qa1+ {[%mdl 64] Double Attack. Accuracy: White = 55%, Black = 30%.} 1-0

[Event "World Prestigious University 2019"]
[Site "Tianjin"]
[Date "2019.11.27"]
[Round "5.13"]
[White "Kukhmazov, Arsen"]
[Black "Bibby, Simon"]
[Result "1-0"]
[WhiteElo "2377"]
[BlackElo "2167"]
[Annotator "RC"]
[PlyCount "75"]
[EventDate "2019.11.26"]
[EventType "team-tourn"]
[EventCountry "CHN"]
[TimeControl "1500+10"]
[WhiteClock "0:01:31"]
[BlackClock "0:20:46"]

1. d4 {[%emt 0:00:00]} d6 {[%emt 0:00:00]} 2. Nf3 {[%emt 0:00:00]} Nf6 {[%emt 0:00:00]} 3. c4 {[%emt 0:00:04]} g6 {[%emt 0:00:00]} 4. g3 {[%emt 0:00:03]} Bg7 {[%emt 0:00:10]} 5. Bg2 {[%emt 0:00:02]} O-O {[%emt 0:00:15]} 6. O-O {[%emt 0:00:02]} c6 {[%emt 0:00:33]} 7. Nc3 {[%emt 0:00:03]} Bf5 {[%emt 0:00:02]} 8. Ng5 {[%emt 0:00:01]} e5 {[%emt 0:02:08]} 9. d5 {[%emt 0:00:10]} cxd5 {[%emt 0:01:07]} 10. Nxd5 {[%emt 0:00:36]} Nc6 {[%emt 0:00:19]} 11. Nxf6+ {[%emt 0:00:05]} Bxf6 {[%emt 0:00:06]} 12. Ne4 {[%emt 0:00:02]} Bxe4 {[%emt 0:01:31]} 13. Bxe4 {[%emt 0:00:01]} Rc8 {[%emt 0:00:10]} 14. b3 {[%emt 0:00:10]} Qc7 {[%emt 0:02:13]} 15. Ba3 {[%emt 0:01:02]} Rfd8 {[%emt 0:00:08]} 16. Qd2 {[%emt 0:00:24]} Be7 {[%emt 0:00:31]} 17. Bd5 {[%emt 0:00:48]} Qa5 {[%emt 0:02:24]} 18. Qxa5 {[%emt 0:00:47]} Nxa5 {[%emt 0:00:01]} 19. f4 {[%emt 0:00:19]} Bf6 {[%emt 0:05:56]} 20. fxe5 {[%emt 0:00:00]} Bxe5 {[%emt 0:00:02]} 21. Bxf7+ {[%emt 0:00:42]} Kg7 {[%emt 0:00:01]} 22. Rad1 {[%emt 0:00:07]} b5 {[%emt 0:00:53]} 23. Be6 {[%emt 0:00:45]} Rc7 {[%emt 0:00:48]} 24. cxb5 {[%emt 0:00:02]} Nb7 {[%emt 0:02:09]} 25. Bd5 {[%emt 0:00:12]} Nc5 {[%emt 0:00:12]} 26. Bc6 {[%emt 0:01:49]} Ne6 {[%emt 0:00:18]} 27. Bb4 {[%emt 0:00:02]} Rf7 {[%emt 0:01:57]} 28. Rxf7+ {[%emt 0:00:21]} Kxf7 {[%emt 0:00:02]} 29. e3 {[%emt 0:00:02]} Ke7 {[%emt 0:00:08]} 30. a4 {[%emt 0:00:01]} g5 {[%emt 0:00:24]} 31. a5 {[%emt 0:00:34]} g4 {[%emt 0:00:02]} 32. a6 {[%emt 0:00:15]} Ng5 {[%emt 0:01:27]} 33. b6 {[%emt 0:00:15]} Rf8 {[%emt 0:01:00]} 34. Rf1 {[%emt 0:00:10]} Nf3+ {[%emt 0:00:41]} 35. Kg2 {[%emt 0:00:09]} Rc8 {[%emt 0:01:54]} 36. bxa7 {[%emt 0:00:11]} Rxc6 {[%emt 0:00:03]} 37. a8=Q {[%emt 0:00:08]} Rc2+ {[%emt 0:00:04]} 38. Rf2 {[%emt 0:00:05]} 1-0

[Event "World Prestigious University 2019"]
[Site "Tianjin"]
[Date "2019.11.27"]
[Round "5.14"]
[White "Hirao, Satoshi"]
[Black "Tarasov, Alexandr"]
[Result "0-1"]
[WhiteElo "1958"]
[BlackElo "2348"]
[Annotator "TA"]
[PlyCount "64"]
[EventDate "2019.11.26"]
[EventType "team-tourn"]
[EventCountry "CHN"]

{[%evp 20,63,0,0,8,4,4,0,12,7,13,-13,-14,-27,0,0,25,0,0,5,-4,-17,0,-79,-66,-143,-135,-341,-173,-173,-167,-175,-174,-161,-166,-165,-140,-186,-187,-186,-184,-188,-175,-29998,-29999,-29999]} 1. e4 c6 2. d4 d5 3. Nc3 dxe4 4. Nxe4 Bf5 5. Ng3 Bg6 6. Nf3 Nd7 7. h4 h6 8. h5 Bh7 9. Bd3 Bxd3 10. Qxd3 e6 11. Bf4 Qa5+ {B19: Classical Caro-Kann: 4...Bf5 main line} 12. Bd2 Bb4 13. c3 Be7 {The position is equal.} 14. c4 Qc7 15. O-O-O $146 ({Predecessor:} 15. Ne4 Ngf6 {½-½ (42) Rasmussen,A (2446)-Khenkin,I (2602) Copenhagen 2007}) 15... Ngf6 16. Ne4 b5 (16... Rd8 $142) 17. Nxf6+ $11 Nxf6 18. Ne5 bxc4 19. Qxc4 O-O 20. g4 ({Don't blunder} 20. Nxc6 $2 Rfc8 $19) ({Wrong is} 20. Qxc6 $2 Qxc6+ 21. Nxc6 Rfc8 $19) 20... c5 21. Rhe1 (21. g5 $11 {keeps the balance.} hxg5 22. Bxg5) 21... Rfc8 $17 22. Bc3 (22. Kb1 $1 $15) 22... Nd5 23. f4 $2 {[#]} (23. Kb1 $17 {was necessary.}) 23... cxd4 (23... Rab8 $142 24. Rd2 Qb7) 24. Qxc7 $19 Rxc7 25. Rxd4 Nxc3 26. bxc3 Rxc3+ 27. Kd2 Rac8 28. Rd7 Bb4 29. Re4 Rc2+ 30. Kd1 Ba5 {And now ...f6 would win.} 31. Rxa7 $2 {[#]} (31. Ra4 $19 Rc1+ 32. Ke2 R1c2+ 33. Kd1) 31... Rd2+ 32. Ke1 Rc1# {Accuracy: White = 25%, Black = 61%.} 0-1

[Event "World Prestigious University 2019"]
[Site "Tianjin"]
[Date "2019.11.27"]
[Round "5.15"]
[White "Bogachkova, Alena"]
[Black "Balashov, Yuri S"]
[Result "1-0"]
[WhiteElo "2080"]
[BlackElo "2465"]
[PlyCount "113"]
[EventDate "2019.11.26"]
[EventType "team-tourn"]
[EventCountry "CHN"]
[TimeControl "1500+10"]
[WhiteClock "0:01:21"]
[BlackClock "0:02:37"]

1. d4 {[%emt 0:00:00]} d5 {[%emt 0:00:03]} 2. c4 {[%emt 0:00:00]} e6 {[%emt 0:00:10]} 3. Nc3 {[%emt 0:00:00]} Nf6 {[%emt 0:00:26]} 4. cxd5 {[%emt 0:00:03]} exd5 {[%emt 0:00:04]} 5. Bg5 {[%emt 0:00:04]} c6 {[%emt 0:01:16]} 6. e3 {[%emt 0:00:28]} Be7 {[%emt 0:00:26]} 7. Bd3 {[%emt 0:00:08]} Be6 {[%emt 0:02:06]} 8. Nge2 {[%emt 0:00:33]} Nh5 {[%emt 0:01:48]} 9. Bxe7 {[%emt 0:01:15]} Qxe7 {[%emt 0:00:07]} 10. Rb1 {[%emt 0:03:50]} Nd7 {[%emt 0:01:21]} 11. b4 {[%emt 0:00:58]} b5 {[%emt 0:01:42]} 12. Qc2 {[%emt 0:02:49]} g6 {[%emt 0:03:52]} 13. e4 {[%emt 0:03:28]} O-O {[%emt 0:03:42]} 14. exd5 {[%emt 0:03:44]} Bxd5 {[%emt 0:03:19]} 15. Nxd5 {[%emt 0:00:04]} cxd5 {[%emt 0:00:05]} 16. Bxb5 {[%emt 0:00:34]} Ndf6 {[%emt 0:01:04]} 17. O-O {[%emt 0:02:19]} Rab8 {[%emt 0:00:48]} 18. a4 {[%emt 0:03:58]} Qd6 {[%emt 0:01:58]} 19. Qc5 {[%emt 0:00:27]} Ne4 {[%emt 0:01:27]} 20. Qxd6 {[%emt 0:00:07]} Nxd6 {[%emt 0:00:03]} 21. Bd3 {[%emt 0:00:08]} Rfe8 {[%emt 0:00:09]} 22. Rfc1 {[%emt 0:02:16]} Nf6 {[%emt 0:00:53]} 23. f3 {[%emt 0:00:09]} h5 {[%emt 0:00:11]} 24. Kf2 {[%emt 0:00:02]} Kg7 {[%emt 0:00:09]} 25. b5 {[%emt 0:00:12]} Nd7 {[%emt 0:00:31]} 26. Rc7 {[%emt 0:00:14]} Nb6 {[%emt 0:00:48]} 27. Rxa7 {[%emt 0:00:17]} Ra8 {[%emt 0:00:20]} 28. Ra6 {[%emt 0:00:11]} Rab8 {[%emt 0:00:14]} 29. Rc1 {[%emt 0:00:11]} Ndc4 {[%emt 0:00:17]} 30. a5 {[%emt 0:00:22]} Na4 {[%emt 0:00:10]} 31. b6 {[%emt 0:00:11]} Naxb6 {[%emt 0:00:20]} 32. axb6 {[%emt 0:00:03]} Nxb6 {[%emt 0:00:03]} 33. Rc7 {[%emt 0:00:20]} Re6 {[%emt 0:00:09]} 34. Raa7 {[%emt 0:00:25]} Rf6 {[%emt 0:00:06]} 35. Rab7 {[%emt 0:00:06]} Rxb7 {[%emt 0:00:03]} 36. Rxb7 {[%emt 0:00:01]} Nc4 {[%emt 0:00:07]} 37. Bxc4 {[%emt 0:00:06]} dxc4 {[%emt 0:00:03]} 38. Rc7 {[%emt 0:00:02]} c3 {[%emt 0:00:10]} 39. Nxc3 {[%emt 0:00:04]} Rd6 {[%emt 0:00:05]} 40. d5 {[%emt 0:00:03]} g5 {[%emt 0:00:10]} 41. Rc6 {[%emt 0:00:04]} Rd7 {[%emt 0:00:06]} 42. Ke3 {[%emt 0:00:07]} Re7+ {[%emt 0:00:06]} 43. Kd4 {[%emt 0:00:01]} Kf8 {[%emt 0:00:06]} 44. Ne4 {[%emt 0:00:11]} f6 {[%emt 0:00:12]} 45. Rxf6+ {[%emt 0:00:06]} Kg7 {[%emt 0:00:14]} 46. Rf5 {[%emt 0:00:10]} Kg6 {[%emt 0:00:11]} 47. Rxg5+ {[%emt 0:00:04]} Kh6 {[%emt 0:00:04]} 48. Re5 {[%emt 0:00:12]} Rd7 {[%emt 0:00:11]} 49. d6 {[%emt 0:00:06]} Kg6 {[%emt 0:00:08]} 50. Kd5 {[%emt 0:00:04]} Kf7 {[%emt 0:00:06]} 51. Rxh5 {[%emt 0:00:11]} Kg6 {[%emt 0:00:10]} 52. g4 {[%emt 0:00:08]} Kg7 {[%emt 0:00:12]} 53. Ke6 {[%emt 0:00:04]} Rf7 {[%emt 0:00:09]} 54. d7 {[%emt 0:00:05]} Kf8 {[%emt 0:00:06]} 55. d8=Q+ {[%emt 0:00:02]} Kg7 {[%emt 0:00:04]} 56. Qh8+ {[%emt 0:00:03]} Kg6 {[%emt 0:00:09]} 57. Qh6# {[%emt 0:00:03]} 1-0

[Event "World Prestigious University 2019"]
[Site "Tianjin"]
[Date "2019.11.27"]
[Round "5.16"]
[White "Green, Michael L"]
[Black "Wang, Yue"]
[Result "0-1"]
[WhiteElo "2073"]
[BlackElo "2674"]
[PlyCount "66"]
[EventDate "2019.11.26"]
[EventType "team-tourn"]
[EventCountry "CHN"]
[TimeControl "1500+10"]
[WhiteClock "0:14:29"]
[BlackClock "0:05:00"]

1. c3 {[%emt 0:00:00]} Nf6 {[%emt 0:00:04]} 2. Na3 {[%emt 0:00:00]} e5 {[%emt 0:00:47]} 3. Nc2 {[%emt 0:00:00]} d5 {[%emt 0:00:06]} 4. f3 {[%emt 0:00:00]} Bd6 {[%emt 0:00:28]} 5. g3 {[%emt 0:00:00]} O-O {[%emt 0:01:51]} 6. Nh3 {[%emt 0:00:00]} c5 {[%emt 0:00:24]} 7. Nf2 {[%emt 0:01:13]} Nc6 {[%emt 0:00:20]} 8. d3 {[%emt 0:00:19]} d4 {[%emt 0:00:40]} 9. e4 {[%emt 0:00:15]} b5 {[%emt 0:01:30]} 10. cxd4 {[%emt 0:01:32]} cxd4 {[%emt 0:01:10]} 11. Bg2 {[%emt 0:00:23]} a5 {[%emt 0:00:56]} 12. O-O {[%emt 0:00:13]} a4 {[%emt 0:00:18]} 13. f4 {[%emt 0:01:30]} b4 {[%emt 0:00:31]} 14. fxe5 {[%emt 0:01:05]} Bxe5 {[%emt 0:00:30]} 15. Bg5 {[%emt 0:00:38]} h6 {[%emt 0:01:15]} 16. Bxf6 {[%emt 0:00:22]} Qxf6 {[%emt 0:00:06]} 17. Ng4 {[%emt 0:01:49]} Qd6 {[%emt 0:00:12]} 18. Nxe5 {[%emt 0:01:23]} Nxe5 {[%emt 0:00:03]} 19. Qd2 {[%emt 0:01:09]} Rb8 {[%emt 0:00:07]} 20. a3 {[%emt 0:02:25]} bxa3 {[%emt 0:01:21]} 21. Nxa3 {[%emt 0:00:53]} Ba6 {[%emt 0:00:20]} 22. Rf5 {[%emt 0:01:34]} Nxd3 {[%emt 0:01:11]} 23. Rd5 {[%emt 0:00:15]} Qb6 {[%emt 0:00:04]} 24. Bf1 {[%emt 0:01:05]} Nb4 {[%emt 0:00:21]} 25. Qxd4 {[%emt 0:05:15]} Nxd5 {[%emt 0:00:15]} 26. Qxb6 {[%emt 0:00:16]} Rxb6 {[%emt 0:00:04]} 27. Bxa6 {[%emt 0:00:21]} Rxa6 {[%emt 0:00:03]} 28. exd5 {[%emt 0:00:03]} Rd8 {[%emt 0:00:03]} 29. Nb5 {[%emt 0:00:13]} Rb6 {[%emt 0:00:17]} 30. Nc3 {[%emt 0:00:18]} Rxb2 {[%emt 0:00:05]} 31. Rxa4 {[%emt 0:00:02]} Rc8 {[%emt 0:00:09]} 32. Nd1 {[%emt 0:00:27]} Rb1 {[%emt 0:00:20]} 33. Rd4 {[%emt 0:00:32]} Rcc1 {[%emt 0:00:09]} 0-1

[Event "World Prestigious University 2019"]
[Site "Tianjin"]
[Date "2019.11.27"]
[Round "5.17"]
[White "Li, Yankai"]
[Black "Zhong, Wei"]
[Result "1-0"]
[WhiteElo "2432"]
[BlackElo "1804"]
[PlyCount "149"]
[EventDate "2019.11.26"]
[EventType "team-tourn"]
[EventCountry "CHN"]
[TimeControl "1500+10"]
[WhiteClock "0:00:21"]
[BlackClock "0:04:13"]

1. e4 {[%emt 0:00:00]} e6 {[%emt 0:00:00]} 2. d4 {[%emt 0:00:00]} d5 {[%emt 0:00:00]} 3. exd5 {[%emt 0:00:01]} exd5 {[%emt 0:00:03]} 4. Bd3 {[%emt 0:00:01]} Bd6 {[%emt 0:00:13]} 5. Nf3 {[%emt 0:00:01]} Nf6 {[%emt 0:01:56]} 6. Qe2+ {[%emt 0:00:02]} Qe7 {[%emt 0:01:59]} 7. Qxe7+ {[%emt 0:00:02]} Bxe7 {[%emt 0:00:16]} 8. Bf4 {[%emt 0:00:02]} c6 {[%emt 0:00:54]} 9. h3 {[%emt 0:00:03]} O-O {[%emt 0:01:42]} 10. Nbd2 {[%emt 0:00:45]} Nbd7 {[%emt 0:04:08]} 11. O-O {[%emt 0:00:03]} Re8 {[%emt 0:00:26]} 12. Rfe1 {[%emt 0:00:13]} Nf8 {[%emt 0:00:22]} 13. Bh2 {[%emt 0:01:01]} Be6 {[%emt 0:02:19]} 14. Re2 {[%emt 0:00:01]} Rad8 {[%emt 0:01:45]} 15. Rae1 {[%emt 0:00:23]} Bd6 {[%emt 0:00:44]} 16. Ne5 {[%emt 0:00:01]} c5 {[%emt 0:01:51]} 17. dxc5 {[%emt 0:02:19]} Bxc5 {[%emt 0:00:26]} 18. Nb3 {[%emt 0:00:03]} Bb6 {[%emt 0:00:31]} 19. c3 {[%emt 0:00:01]} a6 {[%emt 0:00:29]} 20. Nd4 {[%emt 0:00:30]} Bxd4 {[%emt 0:01:25]} 21. cxd4 {[%emt 0:00:02]} Bc8 {[%emt 0:01:17]} 22. Rc1 {[%emt 0:00:23]} Ne6 {[%emt 0:00:34]} 23. Nf3 {[%emt 0:00:20]} Bd7 {[%emt 0:00:17]} 24. Be5 {[%emt 0:07:00]} Rc8 {[%emt 0:01:40]} 25. Rce1 {[%emt 0:00:02]} Bb5 {[%emt 0:00:50]} 26. Bxb5 {[%emt 0:00:42]} axb5 {[%emt 0:00:03]} 27. Bxf6 {[%emt 0:00:02]} gxf6 {[%emt 0:00:02]} 28. Re3 {[%emt 0:00:08]} b4 {[%emt 0:01:06]} 29. Nh4 {[%emt 0:02:31]} Ra8 {[%emt 0:01:06]} 30. a3 {[%emt 0:00:27]} bxa3 {[%emt 0:00:05]} 31. bxa3 {[%emt 0:00:01]} Ra4 {[%emt 0:00:08]} 32. Nf5 {[%emt 0:00:02]} Kf8 {[%emt 0:00:53]} 33. Rd3 {[%emt 0:05:54]} Rea8 {[%emt 0:00:17]} 34. Rb1 {[%emt 0:00:06]} Rxa3 {[%emt 0:00:29]} 35. Rxa3 {[%emt 0:00:01]} Rxa3 {[%emt 0:00:03]} 36. Rxb7 {[%emt 0:00:02]} Ra8 {[%emt 0:00:17]} 37. g4 {[%emt 0:01:39]} Nf4 {[%emt 0:00:20]} 38. Kh2 {[%emt 0:00:06]} Rd8 {[%emt 0:00:10]} 39. Nh6 {[%emt 0:00:44]} Rd6 {[%emt 0:00:13]} 40. Rxf7+ {[%emt 0:00:07]} Ke8 {[%emt 0:00:03]} 41. Rxh7 {[%emt 0:00:02]} Re6 {[%emt 0:00:12]} 42. Nf5 {[%emt 0:00:04]} Re2 {[%emt 0:00:11]} 43. Kg3 {[%emt 0:00:04]} Nd3 {[%emt 0:00:07]} 44. f3 {[%emt 0:00:01]} Re1 {[%emt 0:00:04]} 45. Ra7 {[%emt 0:01:00]} Rg1+ {[%emt 0:00:18]} 46. Kh2 {[%emt 0:00:01]} Rf1 {[%emt 0:00:07]} 47. Kg2 {[%emt 0:00:01]} Rf2+ {[%emt 0:00:03]} 48. Kg3 {[%emt 0:00:01]} Rf1 {[%emt 0:00:19]} 49. Ra3 {[%emt 0:00:04]} Rg1+ {[%emt 0:00:13]} 50. Kh2 {[%emt 0:00:01]} Rd1 {[%emt 0:00:02]} 51. h4 {[%emt 0:00:17]} Nf4 {[%emt 0:00:07]} 52. Re3+ {[%emt 0:00:08]} Kf8 {[%emt 0:00:20]} 53. Kg3 {[%emt 0:00:04]} Ng6 {[%emt 0:00:10]} 54. h5 {[%emt 0:00:01]} Nh8 {[%emt 0:00:12]} 55. Re6 {[%emt 0:00:02]} Kf7 {[%emt 0:00:09]} 56. Re7+ {[%emt 0:00:01]} Kf8 {[%emt 0:00:03]} 57. Rd7 {[%emt 0:00:03]} Nf7 {[%emt 0:00:13]} 58. h6 {[%emt 0:00:01]} Rh1 {[%emt 0:00:12]} 59. Rxd5 {[%emt 0:00:10]} Ng5 {[%emt 0:00:14]} 60. Kg2 {[%emt 0:01:03]} Ra1 {[%emt 0:00:10]} 61. Rd8+ {[%emt 0:00:02]} Kf7 {[%emt 0:00:04]} 62. Rd7+ {[%emt 0:00:01]} Kg8 {[%emt 0:00:14]} 63. f4 {[%emt 0:00:16]} Ra2+ {[%emt 0:00:04]} 64. Kf1 {[%emt 0:01:40]} Ne6 {[%emt 0:00:16]} 65. g5 {[%emt 0:00:55]} fxg5 {[%emt 0:00:13]} 66. fxg5 {[%emt 0:00:03]} Ra1+ {[%emt 0:00:07]} 67. Kf2 {[%emt 0:00:08]} Ra2+ {[%emt 0:00:10]} 68. Kg3 {[%emt 0:00:01]} Ra3+ {[%emt 0:00:07]} 69. Kg4 {[%emt 0:00:02]} Ra1 {[%emt 0:00:08]} 70. g6 {[%emt 0:00:08]} Rg1+ {[%emt 0:00:10]} 71. Ng3 {[%emt 0:00:02]} Nf8 {[%emt 0:00:18]} 72. Rd8 {[%emt 0:00:14]} Rg2 {[%emt 0:00:09]} 73. h7+ {[%emt 0:00:14]} Kg7 {[%emt 0:00:08]} 74. Rxf8 {[%emt 0:00:02]} Kxg6 {[%emt 0:00:03]} 75. h8=Q {[%emt 0:00:29]} 1-0

[Event "World Prestigious University 2019"]
[Site "Tianjin"]
[Date "2019.11.27"]
[Round "5.18"]
[White "Serbanescu, Diana-Maria"]
[Black "Xiao, Yiyi"]
[Result "0-1"]
[WhiteElo "1990"]
[BlackElo "2306"]
[PlyCount "52"]
[EventDate "2019.11.26"]
[EventType "team-tourn"]
[EventCountry "CHN"]
[TimeControl "1500+10"]
[WhiteClock "0:03:54"]
[BlackClock "0:01:01"]

1. e4 {[%emt 0:00:00]} c5 {[%emt 0:00:01]} 2. c3 {[%emt 0:00:00]} Nf6 {[%emt 0:00:42]} 3. e5 {[%emt 0:00:00]} Nd5 {[%emt 0:00:02]} 4. d4 {[%emt 0:00:00]} e6 {[%emt 0:01:35]} 5. Nf3 {[%emt 0:00:08]} cxd4 {[%emt 0:00:52]} 6. cxd4 {[%emt 0:00:03]} d6 {[%emt 0:00:10]} 7. Nc3 {[%emt 0:00:23]} Nxc3 {[%emt 0:00:33]} 8. bxc3 {[%emt 0:00:03]} Nc6 {[%emt 0:00:02]} 9. Bd3 {[%emt 0:03:16]} dxe5 {[%emt 0:02:38]} 10. dxe5 {[%emt 0:00:07]} Qa5 {[%emt 0:03:44]} 11. O-O {[%emt 0:02:12]} Nxe5 {[%emt 0:00:56]} 12. Nxe5 {[%emt 0:00:02]} Qxe5 {[%emt 0:00:02]} 13. Re1 {[%emt 0:00:01]} Qc7 {[%emt 0:04:15]} 14. Rb1 {[%emt 0:04:14]} Bd7 {[%emt 0:00:56]} 15. Qf3 {[%emt 0:03:01]} Bc6 {[%emt 0:01:19]} 16. Qh5 {[%emt 0:00:26]} g6 {[%emt 0:01:24]} 17. Qg4 {[%emt 0:00:34]} O-O-O {[%emt 0:02:11]} 18. Bf1 {[%emt 0:02:55]} Bd6 {[%emt 0:00:18]} 19. g3 {[%emt 0:01:40]} h5 {[%emt 0:00:26]} 20. Qc4 {[%emt 0:00:01]} h4 {[%emt 0:00:17]} 21. Bg2 {[%emt 0:01:11]} hxg3 {[%emt 0:01:08]} 22. hxg3 {[%emt 0:00:07]} Bxg3 {[%emt 0:01:00]} 23. fxg3 {[%emt 0:04:15]} Qxg3 {[%emt 0:00:08]} 24. Qe2 {[%emt 0:03:35]} Bxg2 {[%emt 0:00:37]} 25. Qxg2 {[%emt 0:00:03]} Qxe1+ {[%emt 0:00:03]} 26. Qf1 {[%emt 0:00:02]} Qg3+ {[%emt 0:00:07]} 0-1

[Event "World Prestigious University 2019"]
[Site "Tianjin"]
[Date "2019.11.27"]
[Round "6.1"]
[White "TannerAustin, McNamara"]
[Black "Wang, Yue"]
[Result "0-1"]
[WhiteElo "1983"]
[BlackElo "2674"]
[PlyCount "84"]
[EventDate "2019.11.26"]
[EventType "team-tourn"]
[EventCountry "CHN"]
[TimeControl "1500+10"]
[WhiteClock "0:05:09"]
[BlackClock "0:00:14"]

1. d4 {[%emt 0:00:00]} d6 {[%emt 0:00:00]} 2. Nf3 {[%emt 0:00:01]} g6 {[%emt 0:00:04]} 3. c4 {[%emt 0:00:05]} Bg7 {[%emt 0:00:14]} 4. Nc3 {[%emt 0:00:06]} e5 {[%emt 0:01:05]} 5. d5 {[%emt 0:00:59]} f5 {[%emt 0:00:36]} 6. e4 {[%emt 0:00:28]} Nf6 {[%emt 0:00:06]} 7. Bd3 {[%emt 0:00:50]} Na6 {[%emt 0:01:18]} 8. Be3 {[%emt 0:01:26]} O-O {[%emt 0:00:07]} 9. Qe2 {[%emt 0:00:21]} Qe8 {[%emt 0:07:16]} 10. O-O-O {[%emt 0:01:12]} Nh5 {[%emt 0:00:05]} 11. g3 {[%emt 0:05:58]} f4 {[%emt 0:00:14]} 12. gxf4 {[%emt 0:02:29]} Nxf4 {[%emt 0:00:04]} 13. Bxf4 {[%emt 0:00:29]} Rxf4 {[%emt 0:00:05]} 14. Rdg1 {[%emt 0:04:58]} Bg4 {[%emt 0:03:23]} 15. Rxg4 {[%emt 0:00:53]} Rxg4 {[%emt 0:00:01]} 16. Nxe5 {[%emt 0:00:15]} Rf4 {[%emt 0:00:06]} 17. Ng4 {[%emt 0:00:28]} Qf8 {[%emt 0:00:08]} 18. Nd1 {[%emt 0:00:41]} Nc5 {[%emt 0:00:14]} 19. Bc2 {[%emt 0:01:41]} Re8 {[%emt 0:00:10]} 20. e5 {[%emt 0:02:52]} Bxe5 {[%emt 0:00:18]} 21. Nxe5 {[%emt 0:00:11]} Rxe5 {[%emt 0:00:02]} 22. Qd2 {[%emt 0:00:15]} Rxc4 {[%emt 0:00:40]} 23. h4 {[%emt 0:00:23]} Rf4 {[%emt 0:01:07]} 24. h5 {[%emt 0:00:09]} Rxh5 {[%emt 0:00:10]} 25. Rxh5 {[%emt 0:00:14]} gxh5 {[%emt 0:00:02]} 26. Qc3 {[%emt 0:00:19]} Qf6 {[%emt 0:01:22]} 27. Qh3 {[%emt 0:00:14]} Qg5 {[%emt 0:00:56]} 28. Kb1 {[%emt 0:00:08]} Qg4 {[%emt 0:00:57]} 29. Qe3 {[%emt 0:00:02]} Re4 {[%emt 0:00:23]} 30. Qh6 {[%emt 0:00:54]} Re7 {[%emt 0:02:56]} 31. Qf6 {[%emt 0:00:20]} Qg7 {[%emt 0:00:20]} 32. Qf5 {[%emt 0:00:08]} Qf7 {[%emt 0:00:15]} 33. Qg5+ {[%emt 0:00:38]} Kh8 {[%emt 0:00:18]} 34. f4 {[%emt 0:00:12]} Ne4 {[%emt 0:00:27]} 35. Qh4 {[%emt 0:00:17]} Nf6 {[%emt 0:00:25]} 36. Nc3 {[%emt 0:00:07]} Re8 {[%emt 0:00:21]} 37. a3 {[%emt 0:00:04]} Rf8 {[%emt 0:00:11]} 38. Qg5 {[%emt 0:00:06]} Qg7 {[%emt 0:00:01]} 39. Qf5 {[%emt 0:00:12]} Qg4 {[%emt 0:00:02]} 40. Qe6 {[%emt 0:00:17]} Qxe6 {[%emt 0:00:12]} 41. dxe6 {[%emt 0:00:01]} h4 {[%emt 0:00:03]} 42. Bf5 {[%emt 0:00:23]} Ng8 {[%emt 0:00:07]} 0-1